| 000 | 00610nam a22002177a 4500 | ||
|---|---|---|---|
| 003 | OSt | ||
| 005 | 20140310181920.0 | ||
| 008 | 130718t xxu||||| |||| 00| 0 eng d | ||
| 020 | _a0385093705 | ||
| 050 |
_aGV 481 _b.K38 1974 |
||
| 082 |
_aTR 796.8159 _bK169 1974 |
||
| 100 |
_aKauz, Herman. _91575 |
||
| 245 |
_aTai chi handbook : _bexercise, meditation and self-defense / _cHerman Kauz. |
||
| 260 |
_aNew York : _bDoubleday, _cc1974. |
||
| 300 |
_a174 p. : _bill. ; _c26 cm. |
||
| 521 | _aFaculty | ||
| 541 | _j1 | ||
| 562 | _e1 | ||
| 650 | _2 Tai chi ch'uan. | ||
| 942 |
_2lcc _cBK-TR _kTR |
||
| 999 |
_c6960 _d6960 |
||